greedy - Tate McRae - Statistics

General Stats
  • This quiz has been taken 69 times
  • The average score is 199 of 265
Answer Stats
% Correct
He
96%
I
96%
(I
96%
you
96%
You
96%
you?"
96%
greedy
91%
Baby,
89%
don't
89%
me
89%
me,
89%
my
89%
myself
87%
myself)
87%
said,
87%
said
87%
want
87%
your
87%
"Are
84%
know
84%
get
82%
Just
82%
just
82%
serious?
82%
So
82%
so
82%
(so,
82%
so)
82%
to
82%
say,
80%
would
80%
an
78%
can't
78%
Can't
78%
hell
78%
of
78%
out
78%
please
78%
through
78%
well
78%
but
76%
I'm
76%
"I'm
76%
like
76%
that
76%
That
76%
yeah
76%
yeah,
76%
Yeah,
76%
yourself
76%
and
73%
believe
73%
put
73%
sure
73%
figure
71%
is
71%
much
71%
still
71%
this
71%
won't
71%
you're
71%
all
69%
I'll
69%
Or
69%
or
69%
some
69%
tell
69%
end
67%
for
67%
love
67%
never
67%
not
67%
what
67%
about
64%
been
64%
hate
64%
if
64%
I've
64%
night
64%
ta-
64%
(ta-
64%
ta-)
64%
talkin',
64%
comin'
62%
keep
62%
mouth
62%
name
62%
next
62%
past
62%
someone
62%
tried,
62%
age
60%
down,
60%
real
60%
see
60%
shit
60%
how
58%
met
58%
you'll
58%
at
56%
check",
56%
half
56%
act?
53%
crazy,
53%
curious,
53%
did
53%
effect?"
53%
eyein'
53%
got
53%
loo-
53%
(loo-
53%
loo-)
53%
runnin'
53%
lookin'
51%
room
51%
sweet
51%
escape
49%
"Lemme
49%
Obvious
49%
around
47%
(Uh
44%
uh,
44%
uh
44%
uh)
44%
Ooh,
42%
Drive
38%
No matching quizzes found
Score Distribution
Percent of People with Each Score
Percentile by Number Answered
Your Score History
You have not taken this quiz